Statistiques concernant Toutes les communes Françaises frontalières du Luxembourg

Cliquez ici pour prendre le quiz!

Statistiques générales

  • Ce quiz a été pris 27 fois
  • Le résultat moyen est 11 sur 20

Statistiques - réponses

DépartementCommune% Correct
Meurthe-et-MoselleMont-Saint-Martin
94%
MoselleOttange
76%
MoselleVolmerange-les-Mines
76%
MoselleZoufftgen
76%
MoselleSierck-les-Bains
71%
Meurthe-et-MoselleLonglaville
65%
MoselleRédange
65%
MoselleRussange
65%
MoselleApach
59%
Meurthe-et-MoselleHussigny-Godbrange
59%
Meurthe-et-MoselleSaulnes
59%
MoselleHagen
53%
MoselleBeyren-lès-Sierck
47%
MoselleContz-les-Bains
47%
MoselleMondorff
47%
MosellePuttelange-lès-Thionville
47%
MoselleBasse-Rentgen
41%
MoselleÉvrange
41%
MoselleHaute-Kontz
41%
MoselleAudun-le-Tiche
18%

Distribution des résultats

Percentile par nombre de réponses

% des personnes avec chaque résultat

Votre développement - résultats

Vous n’avez pas pris ce quiz